000 00611nam a2200217Ii 4500
003 JO-AjNU
008 230606s9999||||xx |||||||||||||| ||und||
020 _a978-81-85749-63-1/81-85749-63-9
040 _aJO-AjNU
_beng
_erda
_cJO-AjNU
041 _aeng
050 1 4 _a`TA1005.U63.2014
100 3 _aUpadhyay,
_eauthor
_94675
245 0 0 _aTransportion Engineering
250 _a2 ed
264 3 1 _aNew Delhi:S.K KATARIA,2014
300 _a348p
336 _atext
_btxt
_2rdacontent
337 _aunmediated
_bn
_2rdamedia
338 _avolume
_bnc
_2rdacarrier
650 4 _aTransportion Engineering
_94676
999 _aE2423
_c2421
_d2421